| 000 | 00705nam a22002417a 4500 | ||
|---|---|---|---|
| 001 | 00 | ||
| 003 | 00 | ||
| 005 | 20220202112319.0 | ||
| 008 | 220202b ||||| |||| 00| 0 eng d | ||
| 020 | _a978-99919-365-3-6 | ||
| 040 |
_aBUAC _bBUC _cFre |
||
| 041 | _aFre. | ||
| 100 | _4Ahouangansi, Evariste | ||
| 245 |
_aAudiet et revision des comptes : _b aspectes internationaux et espace OHAD _cA/ par Evariste Ahouangansi |
||
| 250 | _a3 édition | ||
| 260 |
_aCotonou-Lome : _bEdi. Mondexperts, _c2017 |
||
| 300 | _a1021 p. | ||
| 500 | _aANNEXES pp. 967 | ||
| 630 | _aSCIENCES APPLIQUEES -TECHNIQUES | ||
| 650 | _aCOMPTABILITE | ||
| 651 | _acours & 200 cas pratiques corrigés | ||
| 942 |
_2ddc _cLBA |
||
| 999 |
_c62060 _d62060 |
||